Linda's lie / (Record no. 9038)

MARC details
000 -LEADER
fixed length control field 00809nam a22002657a 4500
001 - CONTROL NUMBER
control field 9038
003 - CONTROL NUMBER IDENTIFIER
control field FISKH
005 - DATE AND TIME OF LATEST TRANSACTION
control field 20251117095403.0
008 - FIXED-LENGTH DATA ELEMENTS--GENERAL INFORMATION
fixed length control field 251117b cb ||||| |||| 00| 0 eng d
040 ## - CATALOGING SOURCE
Original cataloging agency FISKH
Language of cataloging eng
Transcribing agency FISKH
Modifying agency FISKH
050 ## - LIBRARY OF CONGRESS CALL NUMBER
Classification number PZ7.A8262 L
082 ## - DEWEY DECIMAL CLASSIFICATION NUMBER
Classification number 823.914
100 ## - MAIN ENTRY--PERSONAL NAME
Personal name Ashley, Bernard
Relator term Author
245 ## - TITLE STATEMENT
Title Linda's lie /
Statement of responsibility, etc. Bernard Ashley ; Illustrated by Janet Duchesne
260 ## - PUBLICATION, DISTRIBUTION, ETC.
Place of publication, distribution, etc. Great Britain :
Name of publisher, distributor, etc. Camelot Press ,
Date of publication, distribution, etc. 1982
300 ## - PHYSICAL DESCRIPTION
Extent 44 pages :
Other physical details Illustrations ;
Dimensions 21 cm
505 ## - FORMATTED CONTENTS NOTE
Formatted contents note N<br/>
520 ## - SUMMARY, ETC.
Summary, etc. Linda's lie to hide her family's poverty brings her personal agony.
521 8# - TARGET AUDIENCE NOTE
Target audience note 700<br/>
Source Lexile estimate<br/>
521 8# - TARGET AUDIENCE NOTE
Target audience note N<br/>
Source Raz-Plus<br/>
650 ## - SUBJECT ADDED ENTRY--TOPICAL TERM
Topical term or geographic name entry element Children's literature
Form subdivision Family life
700 ## - ADDED ENTRY--PERSONAL NAME
Personal name Duchesne, Janet
Relator term Illustrator
942 ## - ADDED ENTRY ELEMENTS (KOHA)
Source of classification or shelving scheme Dewey Decimal Classification
Koha item type Books
Suppress in OPAC No
Holdings
Withdrawn status Lost status Source of classification or shelving scheme Damaged status Not for loan Home library Current library Shelving location Date acquired Total Checkouts Full call number Barcode Date last seen Copy number Price effective from Koha item type
    Dewey Decimal Classification     Footprints International School Library Network Toul Tom Poung Campus Footprints International School Library Network Toul Tom Poung Campus TTP Primary Orange Bookshelves 11/17/2025   ASH 823.914 PZ7.A8262 L FIS00642 11/17/2025 1 11/17/2025 Books